000
00241nam a2200097Ia 4500
008
240625s9999 xx 000 0 und d
041
_a
eng
082
_a
808.20 SHA
100
_a
SHARMA PRANAV
245
_a
REASONS FOR SML BEING PRODUCT LEADER IN
999
_c
37936
_d
37936